000
00286nam a2200109Ia 4500
008
230907s9999||||xx |||||||||||||| ||und||
082
_a
333.79
_b
BIT
245
0
_a
Revisiting the energy development link :
260
_a
Springer,
_b
New York :
_c
2016
300
_a
xiii,89 p.:
942
_c
BK
999
_c
597518
_d
597518